Sports Quiz

Random Sports or Soccer Quiz

Most matches together with Steven Gerrard Quiz Stats

 Plays Quiz not verified by Sporcle

Score 0/25 Timer 04:00
51 Plays Today
Matches Name % Correct
561Jami Carragher
93.5%
315Pepe Reina
84.8%
117Fernando Torres
83.5%
166Xabi Alonso
82.7%
222Michael Owen
77.3%
368Sami Hyypiä
72.4%
286John Arne Riise
68.5%
152Jerzy Dudek
63.1%
219Dirk Kuyt
60.9%
184Steve Finnan
55.9%
141Jordan Henderson
55.3%
214Martin Skrtel
53%
182Daniel Agger
52.7%
Matches Name % Correct
210Emile Heskey
47.9%
144Peter Crouch
47.8%
128Vladimir Smicer
45.8%
116Javier Mascherano
45.7%
187Glen Johnson
45.3%
212Dietmar Hamann
44.1%
114Harry Kewell
35%
110Ryan Babel
33.6%
150Stéphane Henchoz
32.3%
169Danny Murphy
31.8%
187Lucas Leiva
25.9%
110Yossi Benayoun
18.5%

You're not logged in!

Compare scores with friends on all Sporcle quizzes.
OR
Log In

Show Comments

Extras

Top Quizzes Today


Score Distribution

Your Account Isn't Verified!

In order to create a playlist on Sporcle, you need to verify the email address you used during registration. Go to your Sporcle Settings to finish the process.

Report this User

Report this user for behavior that violates our Community Guidelines.

Details: